|
|
|
|
| LEADER |
00000nab a2200000 i 4500 |
| 001 |
publ621 |
| 005 |
20150330135258.0 |
| 008 |
150330s2009 hu o 000 zxx d |
| 040 |
|
|
|a BGE Publikációtár Repozitórium
|b hun
|
| 100 |
1 |
|
|a Tapolcai-Malaczkov Szilvia
|
| 245 |
1 |
0 |
|a Cross-cultural communication in middle English literature, English content in a French form?
|c Tapolcai-Malaczkov Szilvia
|h [elektronikus dokumentum]
|
| 260 |
|
|
|c 2009
|
| 300 |
|
|
|a 38-47
|
| 490 |
0 |
|
|a Szakmai Füzetek
|v No. 27. sz.
|
| 650 |
|
4 |
|a nyelvtudományok
|
| 695 |
|
|
|a Kultúraközi kommunikáció
|
| 695 |
|
|
|a Angol irodalom
|
| 856 |
4 |
0 |
|u https://publikaciotar.uni-bge.hu/id/eprint/621/1/szf_27_04.pdf
|z Dokumentum-elérés
|